Respect

Bibliographic Details
Main Author: Fiday, Beverly
Other Authors: Crowdy, Deborah
Format: Book
Published: s.l. : The child's world,Inc. , 1988
Subjects:

MARC

LEADER 00000cam a2200000 7i4500
001 0000020607
002 000022357
005 20000330.0
020 |a 0895654172 
090 0 0 |a J 179.2   |b FID 
100 1 |a Fiday, Beverly 
245 1 0 |a Respect   |c Beverly Fiday and Deborah Crowdy 
260 |a s.l. :   |b The child's world,Inc. ,   |c 1988 
300 |a 31 p. :   |b ill ;   |c 25 cm. 
650 0 0 |a Respect   |x Juvenile literature 
700 1 |a Crowdy, Deborah 
999 |a 00071141   |b BUKU   |c PINJAMAN   |e PERPUSTAKAAN KOMUNITI PETALING JAYA 
999 |a 051099   |b BUKU   |c PINJAMAN   |e PERPUSTAKAAN KOMUNITI PETALING JAYA